A handbook of sustainable building design and engineering : (Record no. 355701)

000 -LEADER
fixed length control field 01437cam a2200337 a 4500
001 - CONTROL NUMBER
control field 15417911
003 - CONTROL NUMBER IDENTIFIER
control field Nust- CAS-E
005 - DATE AND TIME OF LATEST TRANSACTION
control field 20180118181410.0
008 - FIXED-LENGTH DATA ELEMENTS--GENERAL INFORMATION
fixed length control field 080819s2009 enkabe b 001 0 eng
010 ## - LIBRARY OF CONGRESS CONTROL NUMBER
LC control number 2008036286
020 ## - INTERNATIONAL STANDARD BOOK NUMBER
International Standard Book Number 9781844075966 (hardback)
020 ## - INTERNATIONAL STANDARD BOOK NUMBER
International Standard Book Number 1844075966 (hardback)
035 ## - SYSTEM CONTROL NUMBER
System control number (OCoLC)ocn244246662
040 ## - CATALOGING SOURCE
Original cataloging agency DLC
Transcribing agency DLC
Modifying agency YDXCP
-- BWKUK
-- BWX
-- CDX
-- DLC
050 00 - LIBRARY OF CONGRESS CALL NUMBER
Classification number TH880
Item number .H358 2009
082 00 - DEWEY DECIMAL CLASSIFICATION NUMBER
Classification number 721.046
Edition number 22
Author Mark HAN 2009
245 02 - TITLE STATEMENT
Title A handbook of sustainable building design and engineering :
Remainder of title an integrated approach to energy, health and operational performance /
Statement of responsibility, etc. edited by Dejan Mumovic and Mat Santamouris.
260 ## - PUBLICATION, DISTRIBUTION, ETC.
Place of publication, distribution, etc. London ;
-- Sterling, VA :
Name of publisher, distributor, etc. Earthscan,
Date of publication, distribution, etc. 2009.
300 ## - PHYSICAL DESCRIPTION
Extent xxxvii, 435 p. :
Other physical details ill., maps, plans ;
Dimensions 26 cm.
502 ## - DISSERTATION NOTE
Dissertation note 0
504 ## - BIBLIOGRAPHY, ETC. NOTE
Bibliography, etc. note Includes bibliographical references and index.
650 #0 - SUBJECT ADDED ENTRY--TOPICAL TERM
Topical term or geographic name entry element Sustainable buildings
General subdivision Design and construction.
650 #0 - SUBJECT ADDED ENTRY--TOPICAL TERM
Topical term or geographic name entry element Buildings
General subdivision Environmental engineering.
650 #0 - SUBJECT ADDED ENTRY--TOPICAL TERM
Topical term or geographic name entry element Buildings
General subdivision Performance.
700 1# - ADDED ENTRY--PERSONAL NAME
Personal name Mumovic, Dejan.
700 1# - ADDED ENTRY--PERSONAL NAME
Personal name Santamouris, M.
Fuller form of name (Matheos),
Dates associated with a name 1956-
856 41 - ELECTRONIC LOCATION AND ACCESS
Materials specified Table of contents only
Uniform Resource Identifier <a href="http://www.loc.gov/catdir/toc/ecip0826/2008036286.html">http://www.loc.gov/catdir/toc/ecip0826/2008036286.html</a>
906 ## - LOCAL DATA ELEMENT F, LDF (RLIN)
a 7
b cbc
c orignew
d 1
e ecip
f 20
g y-gencatlg
942 ## - ADDED ENTRY ELEMENTS (KOHA)
Source of classification or shelving scheme
Koha item type Book
Holdings
Withdrawn status Lost status Source of classification or shelving scheme Damaged status Not for loan Collection code Permanent Location Current Location Shelving location Date acquired Source of acquisition Cost, normal purchase price Total Checkouts Full call number Barcode Date last seen Price effective from Koha item type Copy number
            US-Pakistan Center for Advanced Studies in Energy (USPCAS-E) US-Pakistan Center for Advanced Studies in Energy (USPCAS-E)   12/01/2015 Victoria Co. 10000.00   721.046 HAN 2009 CAS-E0000803 12/01/2015 12/01/2015 Book  
            US-Pakistan Center for Advanced Studies in Energy (USPCAS-E) US-Pakistan Center for Advanced Studies in Energy (USPCAS-E)   12/01/2015 Victoria Co. 10000.00   721.046 HAN 2009 CAS-E0000804 12/01/2015 12/01/2015 Book 2
© 2023 Central Library, National University of Sciences and Technology. All Rights Reserved.